Представление документа в формате RUSMARC

ПолеНазваниеЗначение
  Тип записи a
  Библиографический уровень m
001 Контрольный номер RU/УОНБ/EK/598531029
005 Дата корректировки 20241101134359.1
010 Индекс ISBN __
d Цена 10 р. 50 к.
9 Тираж 100000 экз.
b Уточнения в пер.
100 Данные общей обработки __
a Данные общей обработки 20181219d1953 u y0rusy0189||||ca
101 Язык документа 0_
a Язык текста rus
102 Страна публикации __
a Страна публикации RU
105 Кодированные данные (монография) __
a Кодированные данные (монография) a z 000ay
200 Заглавие и сведения об ответственности 1_
a Заглавие Повести и рассказы
210 Выходные данные 1_
d Дата издания 1953
215 Физическое описание __
a Объем XLVIII, 496 с.
c Иллюстрации/тип воспроизводства ил., 6 л. ил.
461 Уровень набора _0
1 001RU/УОНБ/EK/598530509
1 2001
a Собрание сочинений
e в 10 т.
f В.Г. Короленко
g подгот. текста и примеч. С.В. Короленко, Н.В. Короленко-Ляхович
g вступ. ст. А. Котова
v Т. 1
1 2101
a М.
c Гослитиздат
d 1953 -
606 Тематические рубрики 0_
a Основная рубрика Проза (х. л.)
610 Ключевые слова 0_
a Ключевые слова проза русская 19 в.
686 Индексы других классификаций __
a Классификационный индекс 84Р1
2 Код системы rubbk
801 Источник записи _0
a Страна RU
b Организация Ульяновская ОНБ
c Дата составления 20181219
g Правила каталогизации RCR
801 Источник записи _1
a Страна RU
b Организация Ульяновская ОНБ
c Дата составления 20181219
g Правила каталогизации RCR
901 Тип документа __
t Тип документа n
w Контрольный № источника RU/УОНБ/EK/598530509
909 Создатель записи __
a Создатель записи Батталова
938 Служебная информация __
a Имя БД retro
b Имя библиотеки УОНБ
c Имя АИБС МАРК-SQL
d Номер DOC_ID в БД 275248